Writers by their works - plays - Statistics

General Stats
  • This quiz has been taken 62 times
  • The average score is 8 of 15
Answer Stats
Hint Answer % Correct
A Winter's Tale William Shakespeare
90%
Pygmalion George Bernard Shaw
82%
Waiting for Godot Samuel Beckett
82%
The Importance of Being Earnest Oscar Wilde
80%
Death of a Salesman Arthur Miller
76%
A Streetcar Named Desire Tennessee Williams
68%
Oedipus Rex Sophocles
58%
Hedda Gabler Henrik Ibsen
44%
Rosencrantz and Guildenstern are Dead Tom Stoppard
44%
Who's Afraid of Virginia Woolf? Edward Albee
36%
A Raisin in the Sun Lorraine Hansberry
32%
Our Town Thornton Wilder
30%
Angels in America Tony Kushner
16%
Black Coffee Agatha Christie
8%
12 Angry Men Reginald Rose
6%
No matching quizzes found
Score Distribution
Percent of People with Each Score
Percentile by Number Answered
Your Score History
You have not taken this quiz